00591 2200181 4500001002100000005001500021035002000036245006600056110004800122300005000170260006500220082001400285084002000299022001400319008003900333650001900372990001800391PBTAN00000000000278220260430102327 a0010-04260001581 aKacang Tunggak /cBadan penelitian dan pengembangan pertanian0 aBadan penelitian dan pengembangan pertanian av + 138 Halaman :bIlustrasi ;c25 cm x 17 cm aMalang :bBadan penelitian dan pengembangan pertanian,c1998 a37.013.73 a37.013.73 BAD k a0854-8617260430 | | |  4aKacang Tunggak a2026020100373